Classes of Droids from STAR WARS (Difficult even for the nerds lmao!) - Statistics

General Stats
  • This quiz has been taken 148 times
    61 since last reset
  • The average score is 17 of 103
Answer Stats
Answers % Correct
B-1 Battle
79%
B2-RP Super Battle
79%
B-2 Super Battle
79%
BB series Astromech
76%
C-Series Astromech
76%
R series Astromech
76%
Buzz Droid
63%
DUM series Pit Droid
63%
MidWife Droid
63%
ASN-121 Assassin
37%
IG series assassin
37%
SD-K4 Assassin
37%
Vulture
32%
DRK-1 Dark Eye Probe
29%
First Order Probe
29%
Viper Probe
29%
Commando
26%
DD-13 Tripedal Medical
26%
GH-7 Medical
26%
Mouse
26%
Super Tactical
26%
T-Series Tactical
26%
Droideka (Destroyer)
24%
DSD1 Dwarf Spider
24%
IG-100 Magna Guard
24%
OG-9 Homing Spider
21%
Droid Tri Fighter
18%
FA-4 Pilot
18%
Hailfire
18%
KX- Series Security
18%
EG Series "Gonk"
16%
GA-97 Servant
16%
LEP Servant
16%
NR-N99 Cooperate Alliance Tank
16%
9D9-s54 Dianoga Spy
13%
Aqua
13%
Hyena Bomber
13%
LM-432 "Muckcracker" Crab
13%
Protocal
13%
RA-7 Protocal
13%
RQ Protocal
13%
4B-EG-6 GNK-series power
11%
8D8 Torture
11%
EGL-21 "Amps" Power
11%
Hover Loader
11%
IW-37 Pincer Loader
11%
PLNK series power
11%
2-1B Surgical
8%
E-XD Infiltrator
8%
Guardian Police
8%
HMP Droid Gunship
8%
Octuptarra
8%
Sepratist Firefighter
8%
WA-7 Waitress
8%
ASN Courier
5%
BD-3000 Luxery Assistant
5%
DTS series Dismantler
5%
First Order Rabaxan Sentry
5%
FX-9 Surgical Assistant
5%
FX- Series Medical Assistant
5%
Hologlide J57 Podrace Cam
5%
ID9 Seeker
5%
Imperial Sentry
5%
ISB Interrogator
5%
Jedi Training Remote
5%
JT-000 Interrogator
5%
LIN-V8k Mining
5%
Police Cam
5%
Prowler 1000 Seeker
5%
TODO 360
5%
WED 15 Treadwell
5%
Baker
3%
B-U4D "Burford" Loading
3%
CLE-004 window cleaner
3%
Cook bot
3%
CZ-1 Secretary
3%
DLC-13 Panning
3%
Electrorefining bot
3%
EV-9D9 Overseer
3%
FA-5 Valet
3%
First Order Patrol
3%
GTAW-74 Welder
3%
Hanger Deck Scrubber
3%
HURID-327
3%
IG-RM Thug
3%
IMG-099 Imperial Mark 4 Patrol
3%
JN-66 Analysis
3%
LIN Demolition Autonomus Mine Layer
3%
Ordnance Lifter
3%
Ore Extraction
3%
OTOGA-222 Maintenance
3%
PK-series worker
3%
R-H029 Sifter
3%
RIC-920 Unipod
3%
Security Monitor
3%
Senate Hovercam
3%
SN-1F4 Miniature Sifter
3%
SP-4 Analysis
3%
Talking Magnetite Cleaner
3%
TT-8L/YL Gatekeeper
3%
UX-53 AutoPolisher MK2
3%
WED 15 "Septoid 2" Treadwall
3%
Window Installer
3%
No matching quizzes found
Score Distribution
Percent of People with Each Score
Percentile by Number Answered
Your Score History
You have not taken this quiz since the last reset